| 000 | 00852nam a2200229 a 4500 | ||
|---|---|---|---|
| 005 | 20240704063807.0 | ||
| 008 | 991125s1992 mx 000 0 spa u | ||
| 020 | _a9700304663 | ||
| 035 | _aUPN01000027037 | ||
| 049 | _aLT | ||
| 050 | 4 |
_aLB1555 M6.6 _bM4.3A LE |
|
| 100 | 1 |
_aMéndez Gutiérrez, Francisco _929292 |
|
| 245 | 1 | 0 |
_aGuía práctica 6 : _bconceptos básicos, ejercicios y actividades para los alumnos de sexto grado / _cFrancisco Méndez Gutiérrez, Arcadio Moreno Aguilar, Ma. Antonieta Malváez Silva. |
| 260 |
_aMéxico : _bFernández, _c1992. |
||
| 300 | _a324 p. | ||
| 500 | _a"Apéndice" | ||
| 650 | 4 |
_aHombre _xInfluencia del medio natural _911552 |
|
| 650 | 4 |
_aSALUD - _xESTUDIO Y ENSEÑANZA |
|
| 700 | 1 |
_aMoreno Aguilar, Arcadio, _ecoaut. _929391 |
|
| 700 | 1 |
_aMalváez Silva, María Antonieta, _ecoaut. _929108 |
|
| 905 | _aLibro | ||
| 999 |
_c27037 _d27037 |
||